000 00579nam a22001457a 4500
999 _c1234
_d1234
008 160308b xxu||||| |||| 00| 0 eng d
082 _22011
_aDFil 336.2
_bM26m
100 _93559
_aMaestro, Emelino T.
245 _aThe mind of the original tax strategist, part II:
_bfind why BIR officials refuse to receive ETM's legal notices/
_cEmelino T. Maestro.
260 _aManila:
_b[National Library],
_cc2011.
300 _a206 pages;
_c28 cm.
650 0 _93560
_aIncome tax
_xLaw and legislation
_zPhilippines.
650 0 _93561
_aInternal revenue law
_zPhilippines.
942 _2ddc
_cDFIL